Les langues baltes - Statistiques

Statistiques générales
  • Ce quiz a été pris 24 fois
  • Le résultat moyen est 2 sur 10
Statistiques - réponses
Hint Réponse % Correct
Langue balte orientale Letton (Latgalien), (Letton occidental)
100%
Langue balte orientale Lituanien (Aukstaitien), (Samogitien)
100%
Langue balte occidentale (éteinte) Vieux prussien
10%
Langue balte orientale (éteinte) Sélonien
5%
Langue balte orientale (éteinte) Sémigalien
5%
Langue balte occidentale (éteinte) Curonien
0%
Langue balte occidentale (éteinte) Galindien
0%
Langue balte occidentale (éteinte) Nadruvien
0%
Langue balte orientale (éteinte) Skalvien
0%
Langue balte occidentale (éteinte) Sudovien
0%
Aucun quiz correspondant
Distribution des résultats
% des personnes avec chaque résultat
Percentile par nombre de réponses
Votre historique - résultats
Vous n’avez pas pris ce quiz